Bear Species- Sudden Death - Statistics

General Stats
  • This quiz has been taken 160 times
  • The average score is 7 of 8
Answers on the Grid
Answers color-coded by a green-red scale on the quiz's grid according to % correct below.
Giant Panda
Common Raccoon
Binturong
Wolverine
Brown Bear
Sun Bear
Sloth Bear
Kinkajou
Polar Bear
American Black Bear
Red Panda
Spectacled Bear
Asiatic Black Bear
Grey Wolf
South American Coati
Tardigrade (Water Bear)
 
Answer Stats
Answer % Correct
Brown Bear
98%
Polar Bear
95%
Giant Panda
91%
American Black Bear
86%
Sun Bear
86%
Asiatic Black Bear
80%
Sloth Bear
79%
Spectacled Bear
76%
No matching quizzes found
Score Distribution
Percent of People with Each Score
Percentile by Number Answered
Your Score History
You have not taken this quiz